01409nam a22002177a 450000500170000000800410001702000180005804000070007604100080008308200200009110000260011124500260013726000420016330000300020536500850023552008020032065000170112265000190113965000150115870000180117320251202165443.0251202b |||||||| |||| 00| 0 eng d a9789391818142 cAL aeng a570.2462 bCHAB aTanushree Chakraborty aBiology for engineers aDelhibPHI Learning Private Ltdc2024 axxii,413p.bPBc23.5x18cm 2Computer Science EngineeringaABDI/0821/25b680.00c₹d850.00e20%f13-11-2025 aDesigned as a text based on the mandatory course introduced by AICTE for all branches of B.Tech., the book mainly deals with the fundamental concepts of biology and their applications in engineering and technology. The clear and concise text will prove to be of immense value to the students and will help them to comprehend the subject. Also, the faculties will find it a highly useful resource for classroom teaching. KEY FEATURES • Easy to understand, learn and memorize. • Illustrations for better comprehension of the concepts. • The subject matter is discussed in an engaging style to induce students' interest. • Critical thinking questions to help enhance analytical and interpretational potential of the students. • Chapter-end questions for self-assessment and self-evaluation. aBiomolecules aPhotosynthesis aEnzymology aAkhtar, Nasim